Introduction to linear algebra: (Record no. 11789)

MARC details
000 -LEADER
fixed length control field 00470nam a22001697a 4500
003 - CONTROL NUMBER IDENTIFIER
control field mut
005 - DATE AND TIME OF LATEST TRANSACTION
control field 20240606081207.0
008 - FIXED-LENGTH DATA ELEMENTS--GENERAL INFORMATION
fixed length control field 170918b xxu||||| |||| 00| 0 eng d
020 ## - INTERNATIONAL STANDARD BOOK NUMBER
International Standard Book Number 0201602105
040 ## - CATALOGING SOURCE
Transcribing agency mut
050 ## - LIBRARY OF CONGRESS CALL NUMBER
Classification number QA184
Item number .N67 1995
100 ## - MAIN ENTRY--PERSONAL NAME
Personal name Norman, Daniel
245 ## - TITLE STATEMENT
Title Introduction to linear algebra:
Remainder of title for science and engineering
260 ## - PUBLICATION, DISTRIBUTION, ETC.
Place of publication, distribution, etc. Don Mills, Ontario
Name of publisher, distributor, etc. Addison-Wesley Publishers LTD
Date of publication, distribution, etc. 1995
650 ## - SUBJECT ADDED ENTRY--TOPICAL TERM
Topical term or geographic name entry element Algebras, Linear
942 ## - ADDED ENTRY ELEMENTS (KOHA)
Source of classification or shelving scheme Library of Congress Classification
Koha item type Books
Holdings
Withdrawn status Lost status Source of classification or shelving scheme Damaged status Not for loan Home library Current library Shelving location Date acquired Source of acquisition Total checkouts Full call number Barcode Date last seen Date last checked out Price effective from Koha item type
    Library of Congress Classification     Murang'a University of Technology Library Murang'a University of Technology Library General stacks 18/09/2017 Donation-TFC 11 QA184 .N67 1995 014710 29/10/2024 09/10/2024 18/09/2017 Books
    Library of Congress Classification     Murang'a University of Technology Library Murang'a University of Technology Library General stacks 12/10/2017 Donation-TFC   QA184 .N67 1995 014747 12/10/2017   12/10/2017 Books
    Library of Congress Classification     Murang'a University of Technology Library Murang'a University of Technology Library General stacks 30/10/2017 Donation-TFC   QA184 .N67 1995 016063 30/10/2017   30/10/2017 Books
    Library of Congress Classification     Murang'a University of Technology Library Murang'a University of Technology Library General stacks 02/11/2017 Donation-TFC   QA184 .N67 1995 016230 02/11/2017   02/11/2017 Books
    Library of Congress Classification     Murang'a University of Technology Library Murang'a University of Technology Library General stacks 08/11/2017 Donation-TFC   QA184 .N67 1995 016548 08/11/2017   08/11/2017 Books
    Library of Congress Classification     Murang'a University of Technology Library Murang'a University of Technology Library General stacks 09/07/2018 Donation from-TFC   QA184 .N67 1995 022716 30/08/2024   09/07/2018 Books